[Event "Bargteheide op"]
[Site "Bargteheide"]
[Date "2011.06.02"]
[Round "1"]
[White "Sturm, Tobias"]
[Black "Schmid, Thomas"]
[Result "1/2-1/2"]
[WhiteElo "2040"]
[BlackElo "2268"]
[PlyCount "111"]
[EventDate "2011.06.02"]
[EventType "swiss"]
[EventRounds "7"]
[EventCountry "GER"]
[SourceTitle "CBM 142 Extra"]
[Source "ChessBase"]
[SourceDate "2011.06.27"]
[SourceVersion "1"]
[SourceVersionDate "2011.06.27"]
[SourceQuality "1"]

1. e4 d5 2. exd5 Qxd5 3. Nc3 Qd6 4. Bc4 Nf6 5. d3 a6 6. Nge2 b5 7. Bb3 Bb7 8. f3 Nbd7 9. Be3 c5 10. a4 Qc6 11. axb5 axb5 12. Rxa8+ Bxa8 13. Qa1 Bb7 14. Qa5 Ba6 15. Nd5 Nxd5 16. Bxd5 Qb6 17. Qxb6 Nxb6 18. Bc6+ Kd8 19. Bxc5 Na4 20. Ba3 e6 21. Bxf8 Rxf8 22. b3 Nc5 23. d4 Nd7 24. Kd2 Nb8 25. Ra1 Kc7 26. Be4 Kb6 27. f4 Rd8 28. c3 f6 29. Ke3 Nd7 30. Bd3 e5 31. Bxh7 exd4+ 32. cxd4 b4 33. Bd3 Bb7 34. g3 Nb8 35. h4 Bd5 36. Bc4 Re8+ 37. Kd2 Bc6 38. f5 Be4 39. g4 Bf3 40. g5 Rh8 41. gxf6 gxf6 42. Rg1 Rxh4 43. Rg6 Nd7 44. Be6 Bxe2 45. Kxe2 Rxd4 46. Bxd7 Rxd7 47. Rxf6+ Kc5 48. Rf8 Kd4 49. Kd2 Ke5+ 50. Ke3 Rh7 51. Kd2 Rh3 52. Kc2 Rc3+ 53. Kb2 Rf3 54. Rb8 Rf2+ 55. Kc1 Kd4 56. Rxb4+ 1/2-1/2

[Event "Bundesliga 1011"]
[Site "Germany"]
[Date "2010.12.11"]
[Round "5.8"]
[White "Wichmann, Cliff"]
[Black "Sturm, Tobias"]
[Result "1-0"]
[WhiteElo "2341"]
[BlackElo "2037"]
[PlyCount "63"]
[EventDate "2010.10.09"]
[EventType "team-tourn"]
[EventRounds "15"]
[EventCountry "GER"]
[SourceTitle "EXT 2012"]
[Source "ChessBase"]
[SourceDate "2011.11.24"]
[SourceVersion "1"]
[SourceVersionDate "2011.11.24"]
[SourceQuality "1"]
[WhiteTeam "Aue Nickelhuette"]
[BlackTeam "Delmenhorst"]
[WhiteTeamCountry "GER"]
[BlackTeamCountry "GER"]

1. d4 Nf6 2. c4 g6 3. Nc3 Bg7 4. e4 d6 5. Bd3 0-0 6. h3 e5 7. d5 a5 8. Nge2 Na6 9. 0-0 Nc5 10. Bc2 h6 11. Be3 b6 12. b3 Bd7 13. a3 Qe8 14. b4 Nb7 15. Qd2 Kh7 16. Rae1 Nh5 17. f4 exf4 18. Nxf4 Qe5 19. Nce2 Nxf4 20. Bxf4 Qb2 21. Rb1 Qxa3 22. Rb3 Qa2 23. Nc3 Bxc3 24. Qxc3 axb4 25. Rxb4 f6 26. Be3 Kg7 27. Bd4 Nc5 28. Bxf6+ Kh7 29. Rf3 Ba4 30. Rb2 Bxc2 31. Rxa2 Rxa2 32. Bd4 1-0

[Event "Niedersachsen-ch"]
[Site "Verden"]
[Date "2008.01.04"]
[Round "3"]
[White "Schulz, Jens"]
[Black "Sturm, Tobias"]
[Result "1/2-1/2"]
[WhiteElo "1961"]
[BlackElo "2028"]
[PlyCount "63"]
[EventDate "2008.01.03"]
[EventType "swiss"]
[EventRounds "7"]
[EventCountry "GER"]
[SourceTitle "EXT 2010"]
[Source "ChessBase"]
[SourceDate "2010.11.25"]
[SourceVersion "1"]
[SourceVersionDate "2010.11.25"]
[SourceQuality "1"]

1. e4 Nf6 2. e5 Nd5 3. d4 d6 4. Nf3 Nc6 5. Be2 Bg4 6. 0-0 e6 7. Re1 Be7 8. b3 0-0 9. c4 Nb6 10. Nbd2 dxe5 11. dxe5 Bb4 12. Bb2 Bxf3 13. Nxf3 Bxe1 14. Qxe1 Qe7 15. Bd3 a5 16. Qe4 f5 17. exf6 gxf6 18. Re1 Rae8 19. h4 Nd7 20. Nh2 Nc5 21. Qg4+ Qg7 22. Bb1 Qxg4 23. Nxg4 Kg7 24. h5 Nd7 25. f4 e5 26. Bf5 Rf7 27. h6+ Kf8 28. Bxd7 Rxd7 29. Nxf6 Rd2 30. Ba3+ Kf7 31. Nxe8 Kxe8 32. fxe5 1/2-1/2

[Event "Niedersachsen-ch"]
[Site "Verden"]
[Date "2008.01.03"]
[Round "1"]
[White "Heyne, Jan Hendrik"]
[Black "Sturm, Tobias"]
[Result "0-1"]
[WhiteElo "1624"]
[BlackElo "2028"]
[PlyCount "54"]
[EventDate "2008.01.03"]
[EventType "swiss"]
[EventRounds "7"]
[EventCountry "GER"]
[SourceTitle "EXT 2010"]
[Source "ChessBase"]
[SourceDate "2010.11.25"]
[SourceVersion "1"]
[SourceVersionDate "2010.11.25"]
[SourceQuality "1"]

1. e4 Nf6 2. e5 Nd5 3. c4 Nb6 4. c5 Nd5 5. Nc3 e6 6. Bc4 Nxc3 7. dxc3 Bxc5 8. Qg4 g6 9. b4 Be7 10. Nf3 d5 11. exd6 cxd6 12. Bh6 Bf6 13. Bb5+ Nc6 14. Nd4 Bd7 15. Qf3 Nxd4 16. Bxd7+ Ke7 17. cxd4 Qxd7 18. Rd1 Qb5 19. a3 Rhc8 20. g4 Rc7 21. h4 Rac8 22. g5 Bh8 23. h5 Rc3 24. Qe4 d5 25. Qf4 Rc2 26. Qg4 Ra2 27. Rd2 Rc1+ 0-1

[Event "Volme op-A"]
[Site "Schalksmuehle"]
[Date "2007.08.26"]
[Round "5"]
[White "Stremmel, Ralf"]
[Black "Sturm, Tobias"]
[Result "1/2-1/2"]
[WhiteElo "2064"]
[BlackElo "1986"]
[PlyCount "28"]
[EventDate "2007.08.24"]
[EventType "tourn"]
[EventRounds "5"]
[EventCountry "GER"]
[SourceTitle "EXT 2009"]
[Source "ChessBase"]
[SourceDate "2008.11.26"]
[SourceVersion "1"]
[SourceVersionDate "2008.11.26"]
[SourceQuality "1"]

1. e4 Nf6 2. e5 Nd5 3. c4 Nb6 4. c5 Nd5 5. Nc3 e6 6. Bc4 Nxc3 7. dxc3 Bxc5 8. Qg4 g6 9. Bg5 Be7 10. Bh6 d5 11. Bd3 c5 12. Nf3 Nc6 13. h4 Qb6 14. 0-0-0 c4 1/2-1/2

[Event "Volme op-A"]
[Site "Schalksmuehle"]
[Date "2006.08.26"]
[Round "2"]
[White "Sturm, Tobias"]
[Black "Gorzinski, Dariusz"]
[Result "1-0"]
[WhiteElo "1905"]
[BlackElo "1804"]
[PlyCount "55"]
[EventDate "2006.08.25"]
[EventType "tourn"]
[EventRounds "5"]
[EventCountry "GER"]
[SourceTitle "EXT 2008"]
[Source "ChessBase"]
[SourceDate "2007.11.25"]
[SourceVersion "1"]
[SourceVersionDate "2007.11.25"]
[SourceQuality "1"]

1. e4 g6 2. d4 Bg7 3. Nf3 d6 4. Bc4 e6 5. 0-0 a6 6. c3 b6 7. Re1 Ne7 8. Bg5 h6 9. Bf4 0-0 10. Qd2 Kh7 11. Na3 Bb7 12. Nc2 Nd7 13. Bd3 Nf6 14. h3 c5 15. e5 dxe5 16. Nxe5 cxd4 17. Nxd4 Ned5 18. Nxe6 fxe6 19. Nxg6 Kg8 20. Bxh6 Rf7 21. Rad1 Nc7 22. Ne5 Bxh6 23. Qxh6 Rg7 24. Bh7+ Nxh7 25. Rxd8+ Rxd8 26. f3 Ng5 27. Kf2 Rd2+ 28. Re2 1-0

[Event "Oberliga Nord W 0405"]
[Site "Germany"]
[Date "2004.11.28"]
[Round "3.8"]
[White "Sturm, Tobias"]
[Black "Polenz, Frederik"]
[Result "1/2-1/2"]
[WhiteElo "2111"]
[BlackElo "1983"]
[PlyCount "92"]
[EventDate "2004.10.24"]
[EventType "team-tourn"]
[EventRounds "9"]
[EventCountry "GER"]
[SourceTitle "EXT 2006"]
[Source "ChessBase"]
[SourceDate "2005.11.24"]
[SourceVersion "1"]
[SourceVersionDate "2005.11.24"]
[SourceQuality "1"]
[WhiteTeam "Delmenhorst"]
[BlackTeam "Hannover"]
[WhiteTeamCountry "GER"]
[BlackTeamCountry "GER"]

1. e4 d6 2. d4 Nf6 3. Bd3 e5 4. c3 Be7 5. Ne2 c5 6. 0-0 0-0 7. Bg5 Bg4 8. f3 Bh5 9. Qb3 Qc7 10. Nd2 Nc6 11. Rac1 a6 12. Ng3 Bg6 13. f4 h6 14. Bxf6 Bxf6 15. f5 Bh7 16. d5 Na5 17. Qa4 b5 18. Qd1 c4 19. Bc2 Bg5 20. Rb1 Kh8 21. Nf3 Be3+ 22. Kh1 Nb7 23. Qe2 Ba7 24. Qd2 f6 25. Nh4 Qf7 26. Qe2 Nc5 27. Qg4 Nd7 28. Ng6+ Bxg6 29. fxg6 f5 30. Nxf5 Nf6 31. Qg3 Qd7 32. Rf3 Ng8 33. Rbf1 Rf6 34. h4 Raf8 35. Qg4 Ne7 36. h5 Nxf5 37. exf5 Bb6 38. Qe4 Qa7 39. g4 Rc8 40. g5 hxg5 41. Rg3 Bf2 42. Rxg5 Be3 43. Rg3 Bh6 44. Kg2 Qe7 45. Qe2 Rff8 46. Kh3 Qf6 1/2-1/2

[Event "Wilhelm Werner Memorial-H 28th"]
[Site "Bockenem"]
[Date "2003.06.01"]
[Round "7"]
[White "Kobs, Stephan"]
[Black "Sturm, Tobias"]
[Result "1/2-1/2"]
[WhiteElo "1950"]
[BlackElo "1856"]
[PlyCount "31"]
[EventDate "2003.??.??"]
[EventType "swiss"]
[EventRounds "7"]
[EventCountry "GER"]
[SourceTitle "EXT 2008"]
[Source "ChessBase"]
[SourceDate "2007.11.25"]
[SourceVersion "1"]
[SourceVersionDate "2007.11.25"]
[SourceQuality "1"]

1. e4 Nf6 2. e5 Nd5 3. d4 d6 4. c4 Nb6 5. exd6 cxd6 6. Nc3 Nc6 7. d5 Nb4 8. a3 Na6 9. Be3 e5 10. b4 Be7 11. c5 dxc5 12. Bxa6 cxb4 13. Bb5+ Bd7 14. d6 bxc3 15. dxe7 Qxe7 16. Bxd7+ 1/2-1/2